| 000 | 00941nam a2200253 i 4500 | ||
|---|---|---|---|
| 001 | 149562 | ||
| 003 | ES-MaACL | ||
| 005 | 20240502063046.0 | ||
| 007 | t| | ||
| 008 | 071023s1974 sp ||||1| spa d | ||
| 100 | 0 |
_aVázquez Montalbán, Manuel, _d1939- _9113463 |
|
| 245 | 1 | 3 |
_aLa penetración americana en España / _cManuel Vázquez Montalbán. |
| 260 |
_aMadrid : _bCuadernos para el Diálogo, _c[1974] |
||
| 300 |
_a439 p. ; _c18 cm. |
||
| 490 | 1 |
_aDivulgación universitaria. Historia ; _v62 |
|
| 651 | 4 |
_aEspaña- _xHistoria- _yS.XX. _9138832 |
|
| 651 | 4 |
_aEstados Unidos- _xHistoria- _yS.XX. _98547 |
|
| 651 | 4 |
_aEspaña- _xRelaciones económicas- _zEstados Unidos. _98483 |
|
| 651 | 4 |
_aEstados Unidos- _xRelaciones económicas- _zEspaña. _98570 |
|
| 710 | 2 |
_aCuadernos para el Diálogo. _93333 |
|
| 830 | 1 |
_aDivulgación universitaria. Historia ; _v62 _9183300 |
|
| 852 |
_aES-MaACL _jE-7924 |
||
| 999 |
_c149562 _d149562 |
||